|
|
|
|
| LEADER |
00000nam2a2200000 4500 |
| 001 |
258737 |
| 005 |
20231101233324.0 |
| 020 |
|
|
|a RU
|b 88-17113ж
|
| 035 |
|
|
|a (RuTPU)RU\TPU\book\281625
|
| 035 |
|
|
|a RU\TPU\book\219773
|
| 090 |
|
|
|a 258737
|
| 100 |
|
|
|a 20140428d1988 k y0rusy5003 ca
|
| 101 |
0 |
|
|a rus
|
| 102 |
|
|
|a UA
|
| 105 |
|
|
|a a z 001zy
|
| 200 |
0 |
|
|a Вып. 25
|f отв. ред. Б. К. Круковский-Синевич
|
| 210 |
|
|
|a Киев
|c Вища школа
|d 1988
|
| 215 |
|
|
|d 22 см
|a 88 с.
|c ил.
|
| 320 |
|
|
|a Библиогр. в конце ст.
|
| 461 |
|
1 |
|0 (RuTPU)RU\TPU\book\115673
|t Радиотехника
|o [сборник статей]
|f Киевский политехнический институт (КПИ)
|v Вып. 25
|d 1956-1991
|s Вестник Киевского политехнического института
|
| 606 |
1 |
|
|a Радиотехника
|2 stltpush
|3 (RuTPU)RU\TPU\subj\71345
|9 85301
|
| 610 |
1 |
|
|a сверхвысокие частоты
|
| 610 |
1 |
|
|a сигналы
|
| 610 |
1 |
|
|a радиотехнические устройства
|
| 610 |
1 |
|
|a конструирование
|
| 610 |
1 |
|
|a термомагнитные преобразователи
|
| 610 |
1 |
|
|a волоконные световоды
|
| 610 |
1 |
|
|a волоконно-оптическая связь
|
| 610 |
1 |
|
|a резонаторы
|
| 610 |
1 |
|
|a модели
|
| 610 |
1 |
|
|a измерители
|
| 610 |
1 |
|
|a частота
|
| 610 |
1 |
|
|a СВЧ-колебания
|
| 610 |
1 |
|
|a программирование
|
| 610 |
1 |
|
|a микро-ЭВМ
|
| 675 |
|
|
|a 621.37
|v 3
|
| 702 |
|
1 |
|a Круковский-Синевич
|b Б. К.
|4 340
|
| 801 |
|
0 |
|a RU
|b 63413507
|c 19950417
|g psbo
|
| 801 |
|
1 |
|a RU
|b 63413507
|c 20061219
|g PSBO
|
| 801 |
|
2 |
|a RU
|b 63413507
|c 20161110
|g PSBO
|
| 942 |
|
|
|c BK
|